Strengh Of Materials (Record no. 364980)

MARC details
000 -LEADER
fixed length control field 00533nam a22001817a 4500
005 - DATE AND TIME OF LATEST TRANSACTION
control field 20250204140901.0
008 - FIXED-LENGTH DATA ELEMENTS--GENERAL INFORMATION
fixed length control field 250204b |||||||| |||| 00| 0 eng d
020 ## - INTERNATIONAL STANDARD BOOK NUMBER
International Standard Book Number 9788121 928229
041 ## - LANGUAGE CODE
Language code of text/sound track or separate title eng
082 ## - DEWEY DECIMAL CLASSIFICATION NUMBER
Classification number 628.1
Item number KHU
100 ## - MAIN ENTRY--PERSONAL NAME
Author Khurmi R S
245 ## - TITLE STATEMENT
Title Strengh Of Materials
260 ## - PUBLICATION, DISTRIBUTION, ETC.
Place of publication, distribution, etc. newDelhi
Name of publisher, distributor, etc. S. Chand & Company Ltd.
Date of publication, distribution, etc. 2010
300 ## - PHYSICAL DESCRIPTION
Extent 862Pages
Other physical details Pb
Dimensions 24 x 17
365 ## - TRADE PRICE
Price type code INR
Price amount 1.00
Currency code Rupaye
500 ## - GENERAL NOTE
Keywords Simple Stresses And Strains<br/>Streesses And Strains In Bars Of V arying Sewctions
942 ## - ADDED ENTRY ELEMENTS (KOHA)
Koha item type Donated Book
Holdings
Withdrawn status Lost status Source of classification or shelving scheme Damaged status Not for loan Home library Current library Date acquired Vendor Net Price Total Checkouts Full call number Barcode Date last seen Actual Price Bill Date Koha item type
    Dewey Decimal Classification     Dr. Bhanuben Nanavati College of Architecture Dr. Bhanuben Nanavati College of Architecture 04/02/2025 Raghav Hans 1.00   628.1 KHU BNCA-DB-2015 04/02/2025 1.00 04/02/2025 Donated Book